Biggest Cities That Aren't World Capitals with Exceptions - Statistics

General Stats
  • This quiz has been taken 116 times
  • The average score is 14 of 20
Answer Stats
Population City % Correct
17.1 mil Lagos
91%
12.7 mil Rio de Janeiro
91%
21.8 mil São Paulo
90%
4.9 mil Sydney
80%
4.6 mil Barcelona
78%
5.1 mil Milan
78%
5.4 mil St. Petersburg
77%
4.4 mil Melbourne
75%
5.1 mil Alexandria
71%
3.8 mil Medellin
69%
4.9 mil Belo Horizonte
68%
4.1 mil Casablanca
68%
4.2 mil Naples
65%
5.3 mil Dar es Salaam
57%
3.7 mil Recife
57%
5.0 mil Abidjan
56%
4.0 mil Porto Alegre
55%
3.6 mil Salvador
55%
3.5 mil Fortaleza
49%
4.1 mil Kano
39%
No matching quizzes found
Score Distribution
Percent of People with Each Score
Percentile by Number Answered
Your Score History
You have not taken this quiz